Normal view MARC view

Entry Personal Name

Number of records used in: 1

001 - CONTROL NUMBER

  • control field: 526611

003 - CONTROL NUMBER IDENTIFIER

  • control field: OSt

005 - DATE AND TIME OF LATEST TRANSACTION

  • control field: 20220930065959.0

008 - FIXED-LENGTH DATA ELEMENTS

  • fixed length control field: 220930|| aca||aabn | a|a d

040 ## - CATALOGING SOURCE

  • Original cataloging agency: OSt
  • Transcribing agency: OSt

100 ## - HEADING--PERSONAL NAME

  • Personal name: Rathore P R S

670 ## - SOURCE DATA FOUND

  • Source citation: Work cat.: (OSt)860267: Rathore P R S, Study of work load in a pediatric unit of a large general hospital to evolve the staffing requirements and norms of medical officers, 1981
Copyright @ Delhi University Library System